000 00618nab a2200181 4500
001 244442
003 OSt
005 20230712083335.0
007 tu
008 200917s2020|||||||
040 _aDE-2950
_cDE-2950
245 0 0 _aEin lauer Sommerabend
_bTreffen. Die kleine Parknacht am Sonnabend bot Gespräche, Bowle und Kultur. Auch Ministerprässident Dietmar Woidke ließ sich im Lennépark blicken/
_cRené Matschkowiak
264 _c2023
653 _aFrankfurt (Oder)
653 _aKleine Parknacht
773 0 _g34. Jahrgang (2023) Nr. 146 vom 26.06.2023, S. 20: mit Foto
_tMärkische Oderzeitung
942 _2z
_cA
999 _c372608
_d372608